Progress on drinking water and sanitation : (Record no. 13468)
[ view plain ]
| 000 -LEADER | |
|---|---|
| fixed length control field | 00673nam a22001817a 4500 |
| 008 - FIXED-LENGTH DATA ELEMENTS--GENERAL INFORMATION | |
| fixed length control field | 190325b ||||| |||| 00| 0 eng d |
| 020 ## - INTERNATIONAL STANDARD BOOK NUMBER | |
| International Standard Book Number | 9789240692817 |
| 082 ## - DEWEY DECIMAL CLASSIFICATION NUMBER | |
| Edition number | 2014 |
| Classification number | AV-Eb 628.16 |
| Item number | W927 |
| 100 ## - MAIN ENTRY--PERSONAL NAME | |
| Personal name | World Health Organization |
| 9 (RLIN) | 37687 |
| 245 ## - TITLE STATEMENT | |
| Title | Progress on drinking water and sanitation : |
| Remainder of title | 2014 update / |
| Statement of responsibility, etc. | World Health Organization. |
| 260 ## - PUBLICATION, DISTRIBUTION, ETC. (IMPRINT) | |
| Name of publisher, distributor, etc. | World Health Organization, |
| Date of publication, distribution, etc. | ©2014. |
| 300 ## - PHYSICAL DESCRIPTION | |
| Extent | 77 pages; |
| 500 ## - GENERAL NOTE | |
| General note | Includes index. |
| 650 ## - SUBJECT ADDED ENTRY--TOPICAL TERM | |
| Topical term or geographic name as entry element | Drinking water -- Standards. |
| 9 (RLIN) | 37688 |
| 650 ## - SUBJECT ADDED ENTRY--TOPICAL TERM | |
| Topical term or geographic name as entry element | Millennium Development Goals. |
| 9 (RLIN) | 37689 |
| 856 ## - ELECTRONIC LOCATION AND ACCESS | |
| Link text | https://ebookcentral.proquest.com/lib/uniofmindanao-ebooks/detail.action?docID=1769047 |
| 942 ## - ADDED ENTRY ELEMENTS (KOHA) | |
| Source of classification or shelving scheme | Dewey Decimal Classification |
| Koha item type | Ebooks |
| Withdrawn status | Lost status | Source of classification or shelving scheme | Damaged status | Not for loan | Home library | Current library | Shelving location | Date acquired | Source of acquisition | Total Checkouts | Full call number | Barcode | Date last seen | Copy number | Price effective from | Koha item type |
|---|---|---|---|---|---|---|---|---|---|---|---|---|---|---|---|---|
| Dewey Decimal Classification | UM Digos College - LIC | UM Digos College - LIC | Processing Center | 03/25/2019 | Downloaded | AV-Eb 628.16 W927 | Eb104 | 03/25/2019 | 1 | 03/25/2019 | Ebooks |
